LEADER 02122nam a2200373 i 4500 001 991000116179707536 008 090310s2008 it a b 001 0 ita d 020 $a9788883050589 035 $ab13816135-39ule_inst 040 $aDip.to Matematica$beng 082 0 $a515.353 084 $aAMS 35K10 100 1 $aFornaro, Simona$0536763 245 10$aDisuguaglianza di Harnack per equazioni paraboliche /$cSimona Fornaro, Fabio Paronetto, Vincenzo Vespri 260 $aLecce :$bUniversità del Salento. Coordinamento SIBA,$c2008 300 $avii, 56 p. :$c24 cm 440 0$aQuaderni del Dipartimento di matematica dell'Università di Lecce ;$v2/2008 500 $aAt the head of title: Università del Salento, Dipartimento di Matematica "Ennio De Giorgi" 500 $aPubblicato anche in formato elettronico 650 0$aInequalities 650 0$aParabolic differential equations 700 1 $aParonetto, Fabio$eauthor$4http://id.loc.gov/vocabulary/relators/aut$0739604 700 1 $aVespri, Vincenzo$eauthor$4http://id.loc.gov/vocabulary/relators/aut$0739605 856 41$a$uhttp://siba-ese.unisalento.it/index.php/quadmat/issue/view/614$zVersione elettronica (ESE - Salento University Publishing) 907 $a.b13816135$b02-04-14$c10-03-09 912 $a991000116179707536 945 $aLE013 QUA 2008 N.2 C.1$cVol. 2/2008$g1$i2013000210933$lle013$og$pE15.00$q-$rn$so $t1$u0$v0$w0$x0$y.i15016444$z19-10-09 945 $aLE013 QUA 2008 N.2 C.2$cVol. 2/2008$g2$i2013000210926$lle013$og$pE15.00$q-$rn$so $t1$u0$v0$w0$x0$y.i15016456$z19-10-09 945 $aLE013 QUA 2008 N.2 C.3$cVol. 2/2008$g3$i2013000210902$lle013$og$pE15.00$q-$rn$so $t1$u0$v0$w0$x0$y.i15016468$z19-10-09 945 $aLE013 QUA 2008 N.2 C.4$cVol. 2/2008$g4$i2013000210919$lle013$og$pE15.00$q-$rn$so $t1$u0$v0$w0$x0$y.i1501647x$z19-10-09 945 $aLE013 QUA 2008 N.2 C.5$cVol. 2/2008$g5$i2013000210896$lle013$og$pE15.00$q-$rn$so $t0$u0$v0$w0$x0$y.i15016481$z19-10-09 996 $aDisuguaglianza di Harnack per equazioni paraboliche$91465132 997 $aUNISALENTO 998 $ale013$b10-03-09$cm$da $e-$fita$git $h0$i0 LEADER 02698nas 2200769-a 450 001 996206279403316 005 20240204213017.0 011 $a1873-2488 035 $a(DE-599)ZDB2027269-8 035 $a(OCoLC)39037926 035 $a(CKB)954926249610 035 $a(CONSER)--2005233368 035 $a(EXLCZ)99954926249610 100 $a19980430b19951999 s-- - 101 0 $aeng 135 $aurmnu|||||||| 181 $ctxt$2rdacontent 182 $cc$2rdamedia 183 $acr$2rdacarrier 200 00$aLaboratory automation & information management 210 $a[New York] $cElsevier Science Pub. Co.$d1995-1999 215 $a1 online resource 300 $aTitle from pdf of p. 1 (ScienceDirect, viewed November 10, 2005). 311 $a1381-141X 517 1 $aLaboratory automation and information management 531 $aLABORATORY INFORMATION MANAGEMENT 531 $aLABORATORY AUTOMATION INFORMATION MANAGEMENT 531 $aLAB. AUTOM. INF. MANAGE 606 $aChemical laboratories$xAutomation$vPeriodicals 606 $aChemical laboratories$xData processing$vPeriodicals 606 $aAutomation 606 $aMedical laboratories 606 $aAutomation 606 $aClinical Laboratory Information Systems 606 $aLaboratories 606 $aChimie$xLaboratoires$xAutomatisation$vPériodiques 606 $aChimie$xLaboratoires$xInformatique$vPériodiques 606 $aAutomatisation 606 $aMédecine$xLaboratoires 606 $aautomation$2aat 606 $aMedical laboratories$2fast$3(OCoLC)fst01014264 606 $aAutomation$2fast$3(OCoLC)fst00822786 606 $aChemical laboratories$xAutomation$2fast$3(OCoLC)fst00853035 606 $aChemical laboratories$xData processing$2fast$3(OCoLC)fst00853038 608 $aPeriodicals.$2fast 608 $aPeriodicals.$2lcgft 610 $aChemistry - General 615 0$aChemical laboratories$xAutomation 615 0$aChemical laboratories$xData processing 615 0$aAutomation. 615 0$aMedical laboratories. 615 2$aAutomation 615 2$aClinical Laboratory Information Systems 615 2$aLaboratories 615 6$aChimie$xLaboratoires$xAutomatisation 615 6$aChimie$xLaboratoires$xInformatique 615 6$aAutomatisation. 615 6$aMédecine$xLaboratoires. 615 7$aautomation. 615 7$aMedical laboratories. 615 7$aAutomation. 615 7$aChemical laboratories$xAutomation. 615 7$aChemical laboratories$xData processing. 906 $aJOURNAL 912 $a996206279403316 996 $aLaboratory automation & information management$91891420 997 $aUNISA